Histoire de la cellule - Statistiques

Statistiques générales
  • Ce quiz a été pris 4 fois
  • Le résultat moyen est 4 sur 7
Statistiques - réponses
Hint Réponse % Correct
De qui vient la théorie de l'évolution des espèces Darwin
100%
Comment se nomme la théorie d'Aristote vis-à-vis de l'apparition des animaux Génération spontanée
50%
Propose le terme de cellule Hooke
50%
Qui démontre que la théorie d'Aristote est fausse Pasteur
50%
Enoncent les 2 premiers principes de la théorie cellulaire Schwann
50%
Enonce le 3eme principe de la théorie celullaire Virchow
50%
Enoncent les 2 premiers principes de la théorie cellulaire Schleiden
0%
Aucun quiz correspondant
Distribution des résultats
% des personnes avec chaque résultat
Percentile par nombre de réponses
Votre historique - résultats
Vous n’avez pas pris ce quiz